Advanced materials by design

Đã lưu trong:
书目详细资料
格式: 图书
语言:Undetermined
出版: New York Congress of the United States 1988
主题:
标签: 添加标签
没有标签, 成为第一个标记此记录!
Thư viện lưu trữ: Trung tâm Học liệu Trường Đại học Cần Thơ
LEADER 00450nam a2200169Ia 4500
001 CTU_98686
008 210402s9999 xx 000 0 und d
082 |a 620.14 
082 |b A244 
245 0 |a Advanced materials by design 
260 |a New York 
260 |b Congress of the United States 
260 |c 1988 
650 |a Ceramic materials 
650 |z United States 
904 |i Truc 
980 |a Trung tâm Học liệu Trường Đại học Cần Thơ